000 01132nam a2200313Ia 4500
003 OSt
005 20221007125658.0
006 a|||||r|||| 00| 0
007 ta
008 221006b |||||||| |||| 00| 0 eng d
020 _a8177581309 (pbk)
_cRs.425.00
024 _a76240
037 _b62, 04/12/2006, Dhanraj Book House
_cTextbook
040 _aCDL
_cCDL
_beng
041 _2eng
_aeng
082 _aE1, L8;M3;8-;9 Carc
100 _aHuheey James E
245 0 _aInorganic chemistry: Principles of structure and reactivity
_b Keiter Ellen A Keiter Richard L Medhi Okhil K
260 _aNew
_bDelhi Pearson Education (Singapore) Pte Ltd
_c2006
300 _axviii, 808p.
_ccm.
500 _aAppendix A-I, 705-794p.; Index 795-808p.
650 _a Inorganic chemistry
_9185095
650 _aChemistry
700 _a Keiter Ellen A
700 _a Keiter Richard L
_9717989
700 _a Medhi Okhil K
_9717990
942 _hE1, L8;M3;8-;9 Carc
_cTB
_2CC
999 _c1215699
_d1215699